000 00295nam a22001337a 4500
020 _a00213652-8956955
041 _aENG
100 _aNarkhede .S.N
245 _aChemistry of Engineering Materials
260 _apune
_bNirali Prakahan
_c1999
300 _a331
650 _aEOES
856 _uEOES
999 _c253
_d253